| 000 | 00617nam a2200229Ia 4500 | ||
|---|---|---|---|
| 003 | BUBTL | ||
| 008 | 151213s9999 xx 000 0 und d | ||
| 041 | _aBengli to English | ||
| 082 |
_21st ed. _a340/ H211g/ 2006 |
||
| 100 |
_aHaque, Md. Shamsul _94024 |
||
| 245 |
_aGeneral Closes Act, 1897 : _cMd. Shamsul Haque |
||
| 250 | _a1st ed. | ||
| 260 |
_aDhaka _bRomana Haque _cc2006 |
||
| 300 |
_a304 p. : _bill. 20 cm. |
||
| 526 | _aLaw | ||
| 650 | _aLaw | ||
| 650 | _a | ||
| 700 |
_aMd. Shamsul Haque _95483 |
||
| 856 |
_k0 _l0 _yDownload |
||
| 942 |
_2ddc _cBK |
||
| 999 |
_c3246 _d3246 |
||